Click the Correct SpongeBob Season 2 Episodes - Statistics

General Stats
  • This quiz has been taken 229 times
  • The average score is 33 of 40
Answer Stats
Hint Answer % Correct
What is the SpongeBob Episode where Squidward buys SpongeBob a pie but then figures out, it’s a bomb? Dying for Pie
93%
What is the SpongeBob Episode where Bikini Bottom is having the 21st Annual Fry Cook games and SpongeBob: Team Krusty Krab and Patrick: Team Chum Bucket Battle each other? The Fry Cooks Games
93%
What is the SpongeBob Episode where SpongeBob tells Squirrel Jokes about Squirrel Squirrels like Sandy the Squirrel? Squirrel Jokes
91%
What is the SpongeBob Episode where SpongeBob helps Patrick win a trophy? Big Pink Loser
90%
What is the SpongeBob Episode where SpongeBob cannot tie his shoes? Your Shoes Untied
90%
What is the SpongeBob Episode where Squidward moves to Tentacle Acres out of Bikini Bottom and away from SpongeBob and Patrick? Squidville
88%
What is the SpongeBob Episode where Patrick has a Box and SpongeBob really wants to see what’s inside of it? The Secret Box
88%
What is the SpongeBob Episode where Squidward makes a band to impress Squilliam? Band Geeks
87%
What is the SpongeBob Episode where Bikini Bottom Celebrates Christmas for the first time ever? (Expect Squidward) Christmas Who
87%
What is the SpongeBob Episode where Patrick’s Parents come over and he ask SpongeBob to be Dumb? I’m With Stupid
87%
What is the SpongeBob Episode where SpongeBob makes a color Patty to sell to Bikini Bottom? Patty Hype
87%
What is the SpongeBob Episode where SpongeBob and Patrick learn a new word called *Dolphin Sound* and Mr. Krabs tells them not to say it or any of the 13 bad words? Sailor Mouth
87%
What is the SpongeBob Episode where Plankton traps SpongeBob in the Chum Bucket to work for him? Welcome to the Chum Bucket
87%
What is the SpongeBob Episode where SpongeBob draws a Doodle and then Doodle comes alive and then causes trouble? Frankendoodle
86%
What is the SpongeBob Episode where Sandy spends her last week playing games with SpongeBob? Pre-Hibernation Week
86%
What is the SpongeBob Episode where SpongeBob is lonely and makes a Buddy of his own? Bubble Buddy
85%
What is the SpongeBob Episode where Sandy ask SpongeBob and Patrick to pet sit her pets? Wormy
85%
What is the SpongeBob Episode where SpongeBob tries many ways to get Gary a bath Gary takes a Bath
84%
What is the SpongeBob Episode where Mrs. Puff gives SpongeBob his license so he can get away from her? No Free Rides
84%
What is the SpongeBob Episode where Squidward gose on strike with SpongeBob because Mr. Krabs is being cheap? (Again) Squid on Strike
84%
What is the SpongeBob Episode where Plankton disguises himself as a robot Mr. Krabs to steal the Formula? Imitation Krabs
83%
What is the SpongeBob Episode where Mr. Krabs puts Jelly on the menu at Krusty Krab and ask SpongeBob to get more jellyfish jelly for his customers? Jellyfish Hunter
83%
What is the SpongeBob Episode where SpongeBob and Patrick think they stole a balloon so they move out of Bikini Bottom Life of Crime
83%
What is the SpongeBob Episode where Squidward makes his own art class and teaches SpongeBob about art? Artist Unknown
82%
What is the SpongeBob Episode where Sandy and SpongeBob go chase after a Alaska Bull Worm from eating Bikini Bottom in one big gulp? Sandy, SpongeBob and the Worm
82%
What is the SpongeBob Episode where Marcel is a superhero and saves the day from a evil green goblin and save the unicorns Super Marcel ||
82%
What is the SpongeBob Episode where Mr. Krabs has a crush on Mrs. Puff and SpongeBob Repairs their date. Krusty Love
81%
What is the SpongeBob Episode where SpongeBob has to write an 800 worded essay for Boating School but gets distracted easily? Procrastination
81%
What is the SpongeBob Episode where Mr. Krabs gets injured and ask Squidward to be manger? Squid’s Day Off
81%
What is the SpongeBob Episode where Patrick thinks SpongeBob is ugly when he really has bad breath? Something Smells
80%
What is the SpongeBob Episode where SpongeBob visits his Grandma but then wants to become a man when he sees others watching him? Grandma’s Kisses
79%
What is the SpongeBob Episode where Mr. Krabs gives SpongeBob and Squidward a 24 hour shift? Graveyard Shift
79%
What is the SpongeBob Episode where SpongeBob thinks he guilty by throwing a peanut at Clamu the Clam? The Smoking Peanut
79%
What is the SpongeBob Episode where SpongeBob and Patrick let Man Ray free and teach him how to be good? Mermaid-Man & Barnacle Boy 3
78%
What is the SpongeBob Episode where SpongeBob tries to join the Jelly Spotters with their leader Kevin C. Cucumber? I’m your Biggest Fanatic
77%
What is the SpongeBob Episode where Gary hangs out with Patrick and SpongeBob becomes very upset? Dumped
76%
What is the SpongeBob Episode where Mr. Krabs puts Pearl in charge of the Krusty Krab? Bossy Boots
74%
What is the SpongeBob Episode where SpongeBob, Patrick and Squidward climb aboard The Flying Dutchman’s Ship? Shanghaied
74%
What is the SpongeBob Episode where SpongeBob and Patrick get trapped in Sandy’s Treedome for the entire winter? Survival of the Idiots
73%
What is the SpongeBob Episode where SpongeBob and his friends think Sea Creatures are better than land Animals? Pressure
69%
No matching quizzes found
Score Distribution
Percent of People with Each Score
Percentile by Number Answered
Your Score History
You have not taken this quiz